DATA COMMUNICATIONS AND NETWORKING (Record no. 216602)

MARC details
000 -LEADER
fixed length control field 00575nam a22001937a 4500
008 - FIXED-LENGTH DATA ELEMENTS--GENERAL INFORMATION
fixed length control field 260224b |||||||| |||| 00| 0 eng d
020 ## - INTERNATIONAL STANDARD BOOK NUMBER
International Standard Book Number 978-1-2605-9782-0
050 ## - LIBRARY OF CONGRESS CALL NUMBER
Classification number TK 5105 .F67 2022
100 ## - MAIN ENTRY--PERSONAL NAME
Personal name FOROUZAN, BEHROUZ A.
245 ## - TITLE STATEMENT
Title DATA COMMUNICATIONS AND NETWORKING
250 ## - EDITION STATEMENT
Edition statement SIXTH EDITION
260 ## - PUBLICATION, DISTRIBUTION, ETC.
Place of publication, distribution, etc. UNITED STATES OF AMERICA
Name of publisher, distributor, etc. McGraw Hill
Date of publication, distribution, etc. 2022
300 ## - PHYSICAL DESCRIPTION
Extent INDEXES, GLOSSARY AND REFERENCES
500 ## - GENERAL NOTE
General note xviii 834p
650 ## - SUBJECT ADDED ENTRY
Topical term or geographic name entry element DATA COMMUNICATIONS AND NETWORKING
700 ## - ADDED ENTRY--PERSONAL NAME
Personal name FOROUZAN, BEHROUZ A.
942 ## - ADDED ENTRY ELEMENTS (KOHA)
Source of classification or shelving scheme Library of Congress Classification
Koha item type Long Loan Book
Holdings
Withdrawn status Lost status Source of classification or shelving scheme Damaged status Not for loan Collection Home library Current library Shelving location Date acquired Inventory number Total checkouts Full call number Barcode Date last seen Copy number Price effective from Koha item type
    Library of Congress Classification     Science & Technology Kisii University Library Kisii University Library On Display 02/24/2026 111872   TK 5105 .F67 2022 A000394 02/24/2026 C.1 02/24/2026 Long Loan Book
    Library of Congress Classification     Science & Technology Kisii University Library Kisii University Library On Display 02/24/2026 111873   TK 5105 .F67 2022 A000393 02/24/2026 C.2 02/24/2026 Long Loan Book
    Library of Congress Classification     Science & Technology Kisii University Library Kisii University Library On Display 02/24/2026 111874   TK 5105 .F67 2022 A000436 02/24/2026 C.3 02/24/2026 Long Loan Book